Statistics for Countries and Territories Involved in the Belt and Road Initiative

Click here to take the quiz!

General Stats

  • This quiz has been taken 55 times
  • The average score is 124 of 154

Answer Stats

Answer% Correct
Iran
96%
Russia
96%
Laos
92%
Saudi Arabia
92%
Thailand
92%
Vietnam
92%
Afghanistan
88%
Argentina
88%
Armenia
88%
Azerbaijan
88%
Belarus
88%
Cambodia
88%
Central African Republic
88%
El Salvador
88%
Estonia
88%
Greece
88%
Guyana
88%
Honduras
88%
Indonesia
88%
Iraq
88%
Kazakhstan
88%
Kenya
88%
Kuwait
88%
Latvia
88%
Lithuania
88%
Morocco
88%
Nepal
88%
Oman
88%
Pakistan
88%
Philippines
88%
Sudan
88%
Suriname
88%
Syria
88%
Tajikistan
88%
Tanzania
88%
Venezuela
88%
Yemen
88%
Albania
84%
Algeria
84%
Angola
84%
Bangladesh
84%
Burundi
84%
Chad
84%
Chile
84%
Croatia
84%
Djibouti
84%
Dominican Republic
84%
Ecuador
84%
Egypt
84%
Fiji
84%
Georgia
84%
Hungary
84%
Italy
84%
Jordan
84%
Kyrgyzstan
84%
Lebanon
84%
Malawi
84%
Malaysia
84%
Micronesia
84%
Mongolia
84%
Mozambique
84%
Myanmar
84%
Niger
84%
Nigeria
84%
Poland
84%
Qatar
84%
Rwanda
84%
Slovakia
84%
Slovenia
84%
South Africa
84%
South Sudan
84%
Sri Lanka
84%
Togo
84%
Turkmenistan
84%
United Arab Emirates
84%
Uruguay
84%
Uzbekistan
84%
Zambia
84%
Zimbabwe
84%
Austria
80%
Bahrain
80%
Benin
80%
Bolivia
80%
Bosnia and Herzegovina
80%
Bulgaria
80%
Cameroon
80%
China
80%
Costa Rica
80%
Czechia
80%
Democratic Republic of the Congo
80%
Eritrea
80%
Ethiopia
80%
Gabon
80%
Guinea
80%
Guinea-Bissau
80%
Lesotho
80%
Libya
80%
Mali
80%
Mauritania
80%
Moldova
80%
Montenegro
80%
Namibia
80%
Nicaragua
80%
Panama
80%
Papua New Guinea
80%
Peru
80%
Portugal
80%
Republic of the Congo
80%
São Tomé and Príncipe
80%
Sierra Leone
80%
Singapore
80%
Somalia
80%
South Korea
80%
Tunisia
80%
Uganda
80%
Antigua and Barbuda
76%
Botswana
76%
Brunei
76%
Cape Verde
76%
Cuba
76%
Equatorial Guinea
76%
Liberia
76%
Maldives
76%
Malta
76%
Romania
76%
Samoa
76%
Senegal
76%
Serbia
76%
Seychelles
76%
Switzerland
76%
Timor-Leste
76%
Tonga
76%
Turkey
76%
Barbados
72%
Burkina Faso
72%
Comoros
72%
Cyprus
72%
Dominica
72%
Ivory Coast
72%
Jamaica
72%
Madagascar
72%
North Macedonia
72%
Vanuatu
72%
Grenada
68%
Kiribati
68%
New Zealand
68%
Solomon Islands
68%
Trinidad and Tobago
68%
Mauritius
64%
Luxembourg
56%
Palestine
56%
Cook Islands
28%
Niue
24%

Score Distribution

Percentile by Number Answered

Percent of People with Each Score

Your Score History

You have not taken this quiz